000 00232nam a2200109Ia 4500
008 240625s9999 xx 000 0 und d
041 _aeng
082 _a005.54 MIC
100 _aMICROSOFT
245 _aMIS COMPANION
260 _c2014
999 _c35121
_d35121